Statistiken für Städte in Israel und Palästina Karten Quiz

Klicken Sie hier um das Quiz zu spielen!

Allgemein

  • Dieses Quiz wurde 157 mal gespielt
  • Das Durchschnittsergebnis liegt bei 6 aus 15

Antworten auf der Karte

Die Antworten werden auf der Karte rot bzw. grün angezeigt, abhängig davon wie oft sie richtig erraten wurden.
 

Antwortstatistiken

EinwohnerStadt% Korrekt
919.438Jerusalem
100%
451.523Tel Aviv-Jaffa
95%
566.331Gaza
85%
283.640Haifa
80%
208.750Hebron
40%
209.002Be'er Scheva
37%
224.628Aschdod
25%
217.244Netanja
25%
149.772Nablus
23%
251.719Rischon LeZion
22%
244.275Petach Tikwa
20%
179.701Khan Yunes
17%
194.273Cholon
13%
198.863Bnei Berak
11%
159.159Ramat Gan
11%

Verteilung der Resultate

Perzentil nach korrekt beantworteten Fragen

Anzahl Personen mit jedem Resultat

Ihre Resultats-Entwicklung

Sie haben dieses Quiz noch nicht gespielt